| 000 | 01149nam a22002657a 4500 | ||
|---|---|---|---|
| 003 | 0 | ||
| 005 | 20251113160321.0 | ||
| 008 | 251113b xxu||||| |||| 00| 0 eng d | ||
| 020 | _a978-1-338-29915-1 | ||
| 050 |
_aPZ 7 _b.R79835 Cha 2018 |
||
| 100 |
_aRowling, J. K., _eauthor. |
||
| 245 |
_aHarry Potter and the Chamber of Secrets / _cJ. K. Rowling. |
||
| 260 |
_aNew York : _bScholastic Inc., _c2018. |
||
| 300 |
_a341 pages ; _c341 pages ; $c 21 cm |
||
| 490 |
_aHarry Potter ; _vbk. 2 |
||
| 500 | _aOriginally published in Great Britain by Bloomsbury Publishing Plc, 1998. Sequel to: Harry Potter and the Sorcerer’s Stone. Followed by: Harry Potter and the Prisoner of Azkaban. | ||
| 520 | _aHarry Potter returns to Hogwarts for his second year, where he uncovers dark secrets about the Chamber of Secrets and faces the threat of a mysterious creature endangering the school. | ||
| 650 |
_aWizards _vJuvenile fiction. |
||
| 650 |
_aMagic _vJuvenile fiction. |
||
| 650 |
_aSchools _vJuvenile fiction. |
||
| 650 |
_aEngland _vJuvenile fiction. |
||
| 650 | _aFantasy fiction. | ||
| 830 |
_aHarry Potter ; _sbk. 2. |
||
| 942 |
_2lcc _cBK |
||
| 999 |
_c368631 _d368631 |
||